Statistiques concernant Culture Générale - Série 1251

Cliquez ici pour prendre le quiz!

Statistiques générales

  • Ce quiz a été pris 36 fois
  • Le résultat moyen est 6 sur 10

Statistiques - réponses

Question Réponse % Correct
Sous l'Ancien Régime, comment appelait-on l'impôt sur le sel ?gabelle
86%
Au Moyen Age, comment appelait-on la cérémonie par laquelle un jeune homme était fait chevalier ?adoubement
86%
Comment appelait-on les pirates qui poursuivaient les vaisseaux ennemis pour le compte d’un roi ?corsaires
71%
Qui fut le premier roi capétien ?Hugues Capet
69%
Comment s’appelait la place publique chez les Athéniens ?Agora
60%
Sous le règne de quel empereur romain une muraille défensive, d'environ 120 km, située dans le nord de l'Angleterre a-t-elle été construite ?Hadrien
60%
Sous le règne de quel souverain a été construit le château de Chambord ?François 1er
54%
Qui était le surintendant de musique de Louis XIV ?Jean Baptiste Lully
43%
Qui est considéré comme le père de la chirurgie moderne ?Ambroise Paré
34%
Sous l'Ancien Régime, comment appelait-on l'usage obligatoire et payant des installations seigneuriales ?banalités
6%

Distribution des résultats

Percentile par nombre de réponses

% des personnes avec chaque résultat

Votre développement - résultats

Vous n’avez pas pris ce quiz